000 00324 a2200133 4500
005 20250628051503.0
020 _a0-582-84699-4
082 _a006 PIL
100 _aPILE, L
245 _aIntelligent Business: Worldbook
260 _aLondon
_bPEARSON
_c2006.
300 _a96P.: ill.; figures, pictures
_c28cm
942 _2ddc
_cBKS
999 _c5793
_d5793